000 004340000a22001810004500
003 MACL
005 20150912164723.0
008 150912b xxu||||| |||| 00| 0 eng d
040 _aMACL
_cMACL
041 _aEnglish
082 _a823/HAR
100 _aHardy, Thomas
_910556
245 _aFamous Stories
260 _bWorld Literature India
_c2005
_aNew Delhi
350 _a250
650 _aLiterature
_910557
942 _cBK
_k823
_2ddc
999 _c1619
_d1619